[Event "BCF-ch U16"]
[Site "Hull"]
[Date "2018.08.04"]
[Round "7"]
[White "Kirupakaran, Vishnu"]
[Black "Bhandari, Arya Neel"]
[Result "1-0"]
[WhiteElo "1812"]
[BlackElo "1121"]
[PlyCount "49"]
[EventDate "2018.07.29"]
[EventType "swiss"]
[EventRounds "7"]
[EventCountry "ENG"]
[SourceTitle "CBM 186 Extra"]
[Source "ChessBase"]
[SourceDate "2018.08.24"]
[SourceVersion "1"]
[SourceVersionDate "2018.08.24"]
[SourceQuality "1"]

1. e4 e5 2. Nf3 Nf6 3. Nxe5 d6 4. Nf3 Nxe4 5. Nc3 Nxc3 6. dxc3 Be7 7. Be3 Nc6 8. Qd2 Be6 9. 0-0-0 0-0 10. Kb1 a5 11. h4 Bg4 12. Bd3 Ne5 13. Be2 Bxf3 14. gxf3 Bxh4 15. Rdg1 Kh8 16. Bg5 Bxg5 17. Rxg5 h6 18. Rgh5 Qf6 19. Rxh6+ Qxh6 20. Rxh6+ gxh6 21. Qxh6+ Kg8 22. f4 Ng6 23. f5 Ne7 24. f6 Ng6 25. Qg7# 1-0

[Event "BCF-ch U16"]
[Site "Hull"]
[Date "2018.08.01"]
[Round "4"]
[White "Kirupakaran, Vishnu"]
[Black "Nayak, Aurideep"]
[Result "1-0"]
[WhiteElo "1812"]
[BlackElo "1543"]
[PlyCount "55"]
[EventDate "2018.07.29"]
[EventType "swiss"]
[EventRounds "7"]
[EventCountry "ENG"]
[SourceTitle "CBM 186 Extra"]
[Source "ChessBase"]
[SourceDate "2018.08.24"]
[SourceVersion "1"]
[SourceVersionDate "2018.08.24"]
[SourceQuality "1"]

1. e4 c5 2. Nf3 e6 3. d4 cxd4 4. Nxd4 a6 5. Bd3 Qc7 6. 0-0 Nf6 7. Qe2 d6 8. c4 Be7 9. Nc3 b6 10. Be3 Bb7 11. f4 Nc6 12. a3 Nxd4 13. Bxd4 e5 14. Be3 0-0 15. Kh1 Bc8 16. Nd5 Nxd5 17. exd5 Bf6 18. Qc2 g6 19. Qf2 Rb8 20. f5 Qe7 21. Bh6 Bh4 22. g3 e4 23. Bxf8 Kxf8 24. fxg6 hxg6 25. gxh4 exd3 26. Rae1 Qc7 27. Qf6 Kg8 28. Re8+ 1-0

[Event "BCF-ch U16"]
[Site "Hull"]
[Date "2018.07.30"]
[Round "2"]
[White "Rocco, Federico"]
[Black "Kirupakaran, Vishnu"]
[Result "1-0"]
[WhiteElo "2140"]
[BlackElo "1812"]
[PlyCount "71"]
[EventDate "2018.07.29"]
[EventType "swiss"]
[EventRounds "7"]
[EventCountry "ENG"]
[SourceTitle "CBM 186 Extra"]
[Source "ChessBase"]
[SourceDate "2018.08.24"]
[SourceVersion "1"]
[SourceVersionDate "2018.08.24"]
[SourceQuality "1"]

1. e4 c5 2. Nf3 d6 3. d4 cxd4 4. Nxd4 Nf6 5. Nc3 a6 6. h3 e5 7. Nde2 h5 8. g3 Be6 9. Bg2 Nbd7 10. a4 Be7 11. Be3 0-0 12. 0-0 Nb6 13. b3 Qc7 14. a5 Nbd7 15. f4 Nb8 16. f5 Bd7 17. Na4 Bxa4 18. Rxa4 Nbd7 19. Qd2 Rfc8 20. Rc4 Qd8 21. Rxc8 Rxc8 22. Ra1 Qc7 23. c4 Nc5 24. Qc2 b6 25. axb6 Qxb6 26. Rb1 Qb7 27. Nc3 Kh7 28. Nd5 Bd8 29. Bf3 Ncd7 30. Kg2 Nxd5 31. exd5 Nf6 32. g4 e4 33. Bxe4 Qe7 34. Kf3 h4 35. g5 Nxe4 36. Qxe4 1-0

[Event "GBR-ch Major 105th"]
[Site "Hull"]
[Date "2018.07.28"]
[Round "1"]
[White "Yoon, Jacob D"]
[Black "Kirupakaran, Vishnu"]
[Result "1-0"]
[WhiteElo "2039"]
[BlackElo "1812"]
[PlyCount "85"]
[EventDate "2018.07.28"]
[EventType "swiss"]
[EventRounds "9"]
[EventCountry "ENG"]
[SourceTitle "CBM 185 Extra"]
[Source "ChessBase"]
[SourceDate "2018.07.29"]
[SourceVersion "1"]
[SourceVersionDate "2018.07.29"]
[SourceQuality "1"]

1. e4 c5 2. Nf3 d6 3. c3 Nf6 4. Be2 g6 5. 0-0 Bg7 6. Qc2 0-0 7. d4 cxd4 8. cxd4 d5 9. e5 Ne4 10. Nc3 Nxc3 11. bxc3 Nc6 12. a4 Na5 13. Ba3 Bf5 14. Qb2 Rc8 15. Nd2 Qc7 16. Rac1 Bh6 17. f4 Rfd8 18. Kh1 Qd7 19. Bb5 Nc6 20. Nb3 a6 21. Nc5 Qc7 22. Bxc6 bxc6 23. Nxa6 Qa7 24. Nc5 Rb8 25. Bb4 f6 26. e6 Ra8 27. a5 Qb8 28. Qf2 Ra7 29. Rce1 Qb5 30. Re3 Rd6 31. Rfe1 Rd8 32. h3 Qb8 33. g3 Kg7 34. Kh2 Re8 35. R1e2 Bb1 36. Rb2 Bf5 37. Re1 Qc7 38. a6 Rb8 39. Ra2 Rc8 40. Ba5 Qd6 41. Bb6 Raa8 42. a7 Rh8 43. Nb7 1-0

[Event "BCF-ch U16"]
[Site "Llandudno"]
[Date "2017.08.04"]
[Round "6"]
[White "Smith, Rachel Lorna"]
[Black "Kirupakaran, Vishnu"]
[Result "0-1"]
[WhiteElo "1529"]
[BlackElo "1612"]
[PlyCount "124"]
[EventDate "2017.07.30"]
[EventType "swiss"]
[EventRounds "7"]
[EventCountry "WLS"]
[SourceTitle "CBM 179 Extra"]
[Source "ChessBase"]
[SourceDate "2017.08.23"]
[SourceVersion "1"]
[SourceVersionDate "2017.08.23"]
[SourceQuality "1"]

1. Nf3 Nf6 2. c4 b6 3. g3 Bb7 4. Bg2 e6 5. b3 c5 6. Bb2 Nc6 7. 0-0 Be7 8. Na3 0-0 9. Nc2 d5 10. cxd5 exd5 11. d4 Ne4 12. Nd2 Nf6 13. e3 Rb8 14. Qe2 Qd7 15. Rfd1 Rfd8 16. dxc5 bxc5 17. Ne4 Nxe4 18. Bxe4 Qe6 19. Bf3 Ne5 20. Bg2 Ba6 21. Qd2 Nd3 22. Rab1 Bf6 23. Bxf6 Qxf6 24. Ne1 Nxe1 25. Qxe1 d4 26. Rd2 d3 27. Bf1 Bb7 28. Rxd3 Qf3 29. e4 Rxd3 30. Bxd3 Qxd3 31. Rc1 Bxe4 32. Rc3 Qb1 33. Qxb1 Bxb1 34. Rxc5 Bxa2 35. Ra5 Bxb3 36. Rxa7 g6 37. h4 Kg7 38. Ra5 h5 39. Kg2 Kf6 40. Rc5 Re8 41. Rc3 Bd5+ 42. Kf1 Kf5 43. f3 g5 44. hxg5 Kxg5 45. Rc5 Rd8 46. Kf2 Kg6 47. g4 h4 48. Kg2 f6 49. Kh3 Kg5 50. Rb5 Kf4 51. Rb4+ Kxf3 52. Rb6 Rf8 53. Ra6 Kf4 54. Ra5 Be6 55. Ra4+ Kg5 56. Ra5+ f5 57. Rc5 Ra8 58. gxf5 Bxf5+ 59. Kh2 Ra2+ 60. Kg1 h3 61. Rb5 Kf4 62. Rb4+ Be4 0-1

[Event "BCF-ch U16"]
[Site "Llandudno"]
[Date "2017.08.01"]
[Round "3"]
[White "Kirupakaran, Vishnu"]
[Black "Smith, Callum"]
[Result "1-0"]
[WhiteElo "1612"]
[BlackElo "1837"]
[PlyCount "51"]
[EventDate "2017.07.30"]
[EventType "swiss"]
[EventRounds "7"]
[EventCountry "WLS"]
[SourceTitle "CBM 179 Extra"]
[Source "ChessBase"]
[SourceDate "2017.08.23"]
[SourceVersion "1"]
[SourceVersionDate "2017.08.23"]
[SourceQuality "1"]

1. e4 c6 2. d4 d5 3. e5 Bf5 4. Nf3 e6 5. Be2 h6 6. 0-0 Ne7 7. Nbd2 Bh7 8. Nb3 Nd7 9. Nh4 Ng6 10. Nxg6 Bxg6 11. f4 Bh7 12. g4 Be7 13. f5 Bg5 14. Bd3 Bxc1 15. Rxc1 Qg5 16. Kh1 0-0-0 17. c4 dxc4 18. Rxc4 Nb6 19. Rc1 Nd5 20. Na5 Nb6 21. Qc2 Kd7 22. Nxb7 Rc8 23. fxe6+ Kxe6 24. Bxh7 Rxh7 25. Nc5+ Ke7 26. Qxh7 1-0

[Event "GBR-ch U2050 op 104th"]
[Site "Llandudno"]
[Date "2017.07.31"]
[Round "1"]
[White "Hall, Alan"]
[Black "Kirupakaran, Vishnu"]
[Result "0-1"]
[WhiteElo "1833"]
[BlackElo "1612"]
[PlyCount "64"]
[EventDate "2017.07.31"]
[EventType "swiss"]
[EventRounds "5"]
[EventCountry "WLS"]
[SourceTitle "EXT 2019"]
[Source "ChessBase"]
[SourceDate "2018.10.10"]
[SourceVersion "1"]
[SourceVersionDate "2018.10.10"]
[SourceQuality "1"]

1. d4 d5 2. Bf4 Nf6 3. e3 c5 4. c3 Nc6 5. Nf3 Qb6 6. Qb3 c4 7. Qc2 Bf5 8. Qc1 e6 9. h3 Be7 10. Be2 0-0 11. Nbd2 Rfc8 12. Nh4 Bd3 13. Bxd3 cxd3 14. a3 Na5 15. 0-0 Nc4 16. Nxc4 dxc4 17. Nf3 Qd8 18. Nd2 Nd5 19. Bg3 b5 20. e4 Nb6 21. f4 a5 22. Nf3 b4 23. axb4 axb4 24. Qd2 Na4 25. f5 exf5 26. exf5 bxc3 27. bxc3 Qa5 28. Rfc1 Qxf5 29. Ne5 Bg5 30. Qf2 Qxf2+ 31. Kxf2 Bxc1 32. Rxc1 d2 0-1

[Event "BCF-ch U14"]
[Site "Bournemouth"]
[Date "2016.07.29"]
[Round "6"]
[White "Kirupakaran, Vishnu"]
[Black "Bennet Stevens, Lucy"]
[Result "1-0"]
[WhiteElo "1607"]
[BlackElo "1381"]
[PlyCount "53"]
[EventDate "2016.07.24"]
[EventType "swiss"]
[EventRounds "7"]
[EventCountry "ENG"]
[SourceTitle "EXT 2017"]
[Source "ChessBase"]
[SourceDate "2016.10.25"]
[SourceVersion "1"]
[SourceVersionDate "2016.10.25"]
[SourceQuality "1"]

1. e4 c5 2. Nf3 e6 3. d4 cxd4 4. Nxd4 a6 5. Bd3 Bc5 6. Nb3 Ba7 7. Qe2 Qc7 8. Be3 Bxe3 9. Qxe3 Nf6 10. Nc3 Nc6 11. f4 d6 12. 0-0 0-0 13. Rad1 b5 14. a3 Bb7 15. Kh1 Rad8 16. Qg3 Nd7 17. Qh3 g6 18. Rf3 Nc5 19. f5 Nxd3 20. cxd3 Bc8 21. f6 h5 22. g4 Ne5 23. Rg3 Nxg4 24. Rxg4 e5 25. Rdg1 Bxg4 26. Rxg4 Qd7 27. Qxh5 1-0

[Event "BCF-ch Week1 PM op"]
[Site "Bournemouth"]
[Date "2016.07.28"]
[Round "4"]
[White "Brown, Geoffrey M"]
[Black "Kirupakaran, Vishnu"]
[Result "1/2-1/2"]
[WhiteElo "1734"]
[BlackElo "1607"]
[PlyCount "86"]
[EventDate "2016.07.25"]
[EventType "swiss"]
[EventRounds "5"]
[EventCountry "ENG"]
[SourceTitle "CBM 173 Extra"]
[Source "ChessBase"]
[SourceDate "2016.08.29"]
[SourceVersion "1"]
[SourceVersionDate "2016.08.29"]
[SourceQuality "1"]

1. f4 Nf6 2. Nf3 g6 3. c3 Bg7 4. d3 0-0 5. e4 c5 6. Be2 d6 7. Qc2 Nc6 8. 0-0 Bd7 9. a4 a6 10. Kh1 Rb8 11. Be3 Qc7 12. Nbd2 b5 13. axb5 axb5 14. Bg1 b4 15. Nc4 bxc3 16. bxc3 Rfc8 17. Nfd2 Ne8 18. Ra3 Ra8 19. Rfa1 Rxa3 20. Rxa3 Rb8 21. h3 Na7 22. g4 Nb5 23. Rb3 Bc6 24. Bf3 Nf6 25. Bh2 Nd7 26. h4 Nb6 27. Nxb6 Rxb6 28. Kg2 Na7 29. Rxb6 Qxb6 30. Nc4 Qc7 31. Bg3 Nb5 32. Be1 e6 33. Ne3 d5 34. exd5 exd5 35. Nxd5 Bxd5 36. Bxd5 Qxf4 37. Bg3 Qxg4 38. Qf2 Qd7 39. Qxc5 Nxc3 40. Bc4 Qb7+ 41. Kh2 Qf3 42. Qc8+ Bf8 43. Bxf7+ Kxf7 1/2-1/2

[Event "BCF-ch U14"]
[Site "Bournemouth"]
[Date "2016.07.24"]
[Round "1"]
[White "Remus Elliot, Tai"]
[Black "Kirupakaran, Vishnu"]
[Result "1-0"]
[WhiteElo "1390"]
[BlackElo "1607"]
[PlyCount "61"]
[EventDate "2016.07.24"]
[EventType "swiss"]
[EventRounds "7"]
[EventCountry "ENG"]
[SourceTitle "EXT 2017"]
[Source "ChessBase"]
[SourceDate "2016.10.25"]
[SourceVersion "1"]
[SourceVersionDate "2016.10.25"]
[SourceQuality "1"]

1. d4 d5 2. c4 c6 3. Nc3 Nf6 4. Nf3 e6 5. Bg5 dxc4 6. e3 b5 7. a4 b4 8. Ne4 Be7 9. Nxf6+ Bxf6 10. Bxf6 Qxf6 11. Bxc4 a5 12. 0-0 Nd7 13. Qc2 Bb7 14. Qd2 0-0 15. Rac1 Rfd8 16. Rfd1 c5 17. Qe2 cxd4 18. Rxd4 Nb6 19. b3 Rac8 20. Rcd1 Nd5 21. Bxd5 Rxd5 22. Rxd5 Bxd5 23. Nd4 Rc3 24. Qb5 Qd8 25. Ne2 Qc8 26. Nxc3 bxc3 27. Rc1 Qa8 28. f3 Qc8 29. Rxc3 Qd8 30. Qxa5 Qb8 31. Qc7 1-0